000 01379nam a22003015i 4500
001 155777
003 ES-MaACL
005 20250714223710.0
008 040728m18391840fr |||| | fre d
040 _aCAM
_bspa
_cCAM
080 _a94(410)
100 1 _aHume, David,
_d1711-1776
_eaut
_964719
245 1 0 _aHistoire d'Angleterre /
_cpar David Hume ; continuée jusqu'à nos jours par Smollett, Adolphus et Aikin ; traduction nouvelle par M. Campenon
260 _aParis :
_bFurne et Cie.,
_c1839-1840
_f(Imp. de H. Fournier et comp.)
300 _a13 volúmenes :
_bilustraciones ;
_c21 cm.
504 _aReferencias bibliográficas
530 _aDisponible en formato digital
600 1 4 _9128089
_aHume, David,
_d1711-1776-
_vBiografías
651 4 _aGran Bretaña-
_xHistoria.
_98752
700 1 _aSmollett, Tobias George,
_d1721-1771
_eclb
_9132786
700 1 _aAdolphus, John,
_d1778-1845
_eclb
_9125546
700 1 _aAikin, John,
_d1747-1822
_eclb
_9125568
700 1 _aCampenon, Vincent,
_d1772-1843
_eclb
_etrl
_9126300
852 _aES-MaACL
_cDEPO2
_fEx-libris ms. de Domingo Goyeneche
_fEx-libris ms. de Eugenio Agüera
_jG-1783-95
_xHolandesa
_hDonativo de Eugenio Agüera
856 _uhttps://gallica.bnf.fr/ark:/12148/bpt6k7017v
_yVersión en línea
_z(Gallica. Bibliothèque nationale de France)
942 _2udc
_cMONANT
_n0
999 _c155777
_d155777